00341nam a22001097a 4500008004100000082002000041100002600061245004200087260004700129300001000176650004500186211125b |||||||| |||| 00| 0 eng d aN895.5109/G174s aGaire, Ishwori Prasad aSahitya siddhanta ra sahityako itihas aKathmandu:bAashish Book House,c2065.B.S. b464p. aNepali literature history and criticism